000 00667nam a22001937a 4500
999 _c11621
_d11621
003 OSt
005 20200207095602.0
008 181213b ||||| |||| 00| 0 eng d
022 _a00116009
040 _c0
082 _aDPer 792.805 D19 Mar-Aug 2016 v. 90, n. 3-8
100 _aHalminton, Linda.
_933260
245 _aTrouble ahead:
_bis it safe to do ballet with anteverted hips?and how substance abuse could stunt your career/
_cLinda Hamilton.
260 _aNew York:
_bDance Media,
_c©Mar-Aug 2016.
300 _av90 n7, page 24.
_bcolored illustrations:
_c25 cm.
500 _aDance magazine.
650 _aBallet
_xDancers
_xAnxiety
_933261
942 _2ddc
_cPER